000
00327nam a22001457a 4500
003
SGT
020
_a
9789392234071
082
_a
346.0134
_b
MYN
100
_a
MYNENI SR
245
_a
WOMEN AND CRIMINAL LAW
250
_a
1
260
_a
FARIDABAD
_b
NEW ERA LAW PUBLISHER
_c
2021
300
_a
XXXIV ,498
942
_2
ddc
_c
BK
_0
15
999
_c
24009
_d
24009